Balatro Boss Blinds - Statistics

General Stats
  • This quiz has been taken 54 times
  • The average score is 16 of 28
Answer Stats
Description Name of the Boss Blind % Correct
Extra large blind The Wall
88%
Start with 0 discards The Water
71%
Play only 1 hand The Needle
69%
All Club cards are debuffed The Club
67%
Discards 2 random cards held in hand after every played hand The Hook
67%
All face cards are debuffed The Plant
67%
Playing your most played hand this run sets money to $0 The Ox
64%
Very large blind Violet Vessel
64%
Must play 5 cards (not all cards need to score) The Psychic
62%
After Play or Discard, always draw 3 cards (ignores hand size) The Serpent
62%
1 in 7 cards get drawn face down during the round The Wheel
60%
No repeat hand types this round (every hand played this round must be of a different type and not previously played this round) The Eye
55%
Cards drawn face down after each hand played The Fish
55%
Flips and shuffles all Joker cards Amber Acorn
52%
Decrease level of played poker hand by 1 (hand levels can go as low as Level 1, and are reduced before scoring) The Arm
52%
-1 Hand Size The Manacle
52%
Cards played previously this Ante (during Small and Big Blinds) are debuffed The Pillar
52%
All cards debuffed until 1 Joker sold Verdant Leaf
52%
One random Joker disabled every hand (changes every hand) Crimson Heart
50%
First hand is drawn face down The House
50%
Base Chips and Mult for played poker hands are halved for the entire round The Flint
48%
Only one hand type can be played this round The Mouth
48%
Forces 1 card to always be selected Cerulean Bell
45%
All Heart cards are debuffed The Head
45%
Lose $1 per card played The Tooth
45%
All face cards are drawn face down The Mark
43%
All Spade cards are debuffed The Goad
38%
All Diamond cards are debuffed The Window
36%
No matching quizzes found
Score Distribution
Percent of People with Each Score
Percentile by Number Answered
Your Score History
You have not taken this quiz